<?xml version="1.0" encoding="UTF-8"?>
<record
    xmlns:xsi="http://www.w3.org/2001/XMLSchema-instance"
    xsi:schemaLocation="http://www.loc.gov/MARC21/slim http://www.loc.gov/standards/marcxml/schema/MARC21slim.xsd"
    xmlns="http://www.loc.gov/MARC21/slim">

  <leader>00823nam a2200241Ia 4500</leader>
  <controlfield tag="003">CO-ViMGA</controlfield>
  <controlfield tag="008">302016 2016 ck aog s sp spa spa</controlfield>
  <datafield tag="020" ind1=" " ind2=" ">
    <subfield code="a">	9789588912561</subfield>
  </datafield>
  <datafield tag="040" ind1=" " ind2=" ">
    <subfield code="a">CO-ViMGA</subfield>
    <subfield code="b">spa</subfield>
    <subfield code="c">CO-ViMGA</subfield>
  </datafield>
  <datafield tag="082" ind1="0" ind2="4">
    <subfield code="a">781.6309861</subfield>
    <subfield code="b">T12c</subfield>
  </datafield>
  <datafield tag="100" ind1="1" ind2=" ">
    <subfield code="a">Tafur, Pilar</subfield>
    <subfield code="9">12200</subfield>
  </datafield>
  <datafield tag="245" ind1="1" ind2="0">
    <subfield code="a">100 a&#xF1;os de vallenato /</subfield>
    <subfield code="c">Pilar Tafur, Daniel Samper Pizano</subfield>
  </datafield>
  <datafield tag="250" ind1=" " ind2=" ">
    <subfield code="a">	Primera edici&#xF3;n</subfield>
  </datafield>
  <datafield tag="260" ind1=" " ind2=" ">
    <subfield code="a">Bogot&#xE1; :</subfield>
    <subfield code="b">	Aguilar,</subfield>
    <subfield code="c">2016</subfield>
  </datafield>
  <datafield tag="300" ind1=" " ind2=" ">
    <subfield code="a">226 p&#xE1;ginas</subfield>
    <subfield code="b">ilustraciones y fotograf&#xED;as a color y blanco y negro</subfield>
    <subfield code="e">6 CDS</subfield>
  </datafield>
  <datafield tag="500" ind1=" " ind2=" ">
    <subfield code="a">	En car&#xE1;tula Nueva edici&#xF3;n con &#xF1;apa</subfield>
  </datafield>
  <datafield tag="505" ind1=" " ind2=" ">
    <subfield code="a">107 cantos</subfield>
  </datafield>
  <datafield tag="650" ind1="1" ind2="4">
    <subfield code="a">	Compositores vallenatos</subfield>
    <subfield code="9">12203</subfield>
  </datafield>
  <datafield tag="650" ind1="1" ind2="4">
    <subfield code="a">M&#xFA;sica popular</subfield>
    <subfield code="y">Colombia</subfield>
    <subfield code="9">12201</subfield>
  </datafield>
  <datafield tag="650" ind1="1" ind2="4">
    <subfield code="a">M&#xFA;sica vallenata</subfield>
    <subfield code="x">Historia y cr&#xED;tica</subfield>
    <subfield code="9">12202</subfield>
  </datafield>
  <datafield tag="700" ind1="1" ind2=" ">
    <subfield code="a">Samper Pizano, Daniel</subfield>
    <subfield code="d">	1945-</subfield>
    <subfield code="9">12204</subfield>
  </datafield>
  <datafield tag="942" ind1=" " ind2=" ">
    <subfield code="2">ddc</subfield>
    <subfield code="c">BK</subfield>
  </datafield>
  <datafield tag="999" ind1=" " ind2=" ">
    <subfield code="c">36990</subfield>
    <subfield code="d">36990</subfield>
  </datafield>
  <datafield tag="952" ind1=" " ind2=" ">
    <subfield code="0">0</subfield>
    <subfield code="1">0</subfield>
    <subfield code="2">ddc</subfield>
    <subfield code="4">0</subfield>
    <subfield code="7">0</subfield>
    <subfield code="8">003</subfield>
    <subfield code="a">MEVIECAR</subfield>
    <subfield code="b">MEVIECAR</subfield>
    <subfield code="d">2019-09-01</subfield>
    <subfield code="g">19916.00</subfield>
    <subfield code="l">1</subfield>
    <subfield code="o">781.630986 T12c</subfield>
    <subfield code="p">331280</subfield>
    <subfield code="r">2019-05-10 00:00:00</subfield>
    <subfield code="s">2019-04-29</subfield>
    <subfield code="t">1</subfield>
    <subfield code="w">2018-03-14</subfield>
    <subfield code="y">BK</subfield>
  </datafield>
  <datafield tag="952" ind1=" " ind2=" ">
    <subfield code="0">0</subfield>
    <subfield code="1">0</subfield>
    <subfield code="2">ddc</subfield>
    <subfield code="4">0</subfield>
    <subfield code="7">0</subfield>
    <subfield code="8">003</subfield>
    <subfield code="a">MEVIECAR</subfield>
    <subfield code="b">MEVIECAR</subfield>
    <subfield code="d">2018-03-15</subfield>
    <subfield code="h">cd 6</subfield>
    <subfield code="l">0</subfield>
    <subfield code="o">781.630986 T12c</subfield>
    <subfield code="p">12655</subfield>
    <subfield code="r">2018-03-15 00:00:00</subfield>
    <subfield code="t">1</subfield>
    <subfield code="w">2018-03-15</subfield>
    <subfield code="y">BK</subfield>
  </datafield>
  <datafield tag="952" ind1=" " ind2=" ">
    <subfield code="0">0</subfield>
    <subfield code="1">0</subfield>
    <subfield code="2">ddc</subfield>
    <subfield code="4">0</subfield>
    <subfield code="7">0</subfield>
    <subfield code="8">003</subfield>
    <subfield code="a">MEVIECAR</subfield>
    <subfield code="b">MEVIECAR</subfield>
    <subfield code="d">2018-03-15</subfield>
    <subfield code="h">cd 1</subfield>
    <subfield code="l">0</subfield>
    <subfield code="o">781.630986 T12c</subfield>
    <subfield code="p">331291</subfield>
    <subfield code="r">2018-03-15 00:00:00</subfield>
    <subfield code="t">1</subfield>
    <subfield code="w">2018-03-15</subfield>
    <subfield code="y">BK</subfield>
  </datafield>
  <datafield tag="952" ind1=" " ind2=" ">
    <subfield code="0">0</subfield>
    <subfield code="1">0</subfield>
    <subfield code="2">ddc</subfield>
    <subfield code="4">0</subfield>
    <subfield code="7">0</subfield>
    <subfield code="8">003</subfield>
    <subfield code="a">MEVIECAR</subfield>
    <subfield code="b">MEVIECAR</subfield>
    <subfield code="d">2018-03-15</subfield>
    <subfield code="h">cd 5</subfield>
    <subfield code="l">0</subfield>
    <subfield code="o">781.630986 T12c</subfield>
    <subfield code="p">331292</subfield>
    <subfield code="r">2018-03-15 00:00:00</subfield>
    <subfield code="t">1</subfield>
    <subfield code="w">2018-03-15</subfield>
    <subfield code="y">BK</subfield>
  </datafield>
  <datafield tag="952" ind1=" " ind2=" ">
    <subfield code="0">0</subfield>
    <subfield code="1">0</subfield>
    <subfield code="2">ddc</subfield>
    <subfield code="4">0</subfield>
    <subfield code="7">0</subfield>
    <subfield code="8">003</subfield>
    <subfield code="a">MEVIECAR</subfield>
    <subfield code="b">MEVIECAR</subfield>
    <subfield code="d">2018-03-15</subfield>
    <subfield code="h">cd 4</subfield>
    <subfield code="l">0</subfield>
    <subfield code="o">781.630986 T12c</subfield>
    <subfield code="p">331293</subfield>
    <subfield code="r">2018-03-15 00:00:00</subfield>
    <subfield code="t">1</subfield>
    <subfield code="w">2018-03-15</subfield>
    <subfield code="y">BK</subfield>
  </datafield>
  <datafield tag="952" ind1=" " ind2=" ">
    <subfield code="0">0</subfield>
    <subfield code="1">0</subfield>
    <subfield code="2">ddc</subfield>
    <subfield code="4">0</subfield>
    <subfield code="7">0</subfield>
    <subfield code="8">003</subfield>
    <subfield code="a">MEVIECAR</subfield>
    <subfield code="b">MEVIECAR</subfield>
    <subfield code="d">2018-03-15</subfield>
    <subfield code="h">cd 3</subfield>
    <subfield code="l">0</subfield>
    <subfield code="o">781.630986 T12c</subfield>
    <subfield code="p">331294</subfield>
    <subfield code="r">2018-03-15 00:00:00</subfield>
    <subfield code="t">1</subfield>
    <subfield code="w">2018-03-15</subfield>
    <subfield code="y">BK</subfield>
  </datafield>
  <datafield tag="952" ind1=" " ind2=" ">
    <subfield code="0">0</subfield>
    <subfield code="1">0</subfield>
    <subfield code="2">ddc</subfield>
    <subfield code="4">0</subfield>
    <subfield code="7">0</subfield>
    <subfield code="8">003</subfield>
    <subfield code="a">MEVIECAR</subfield>
    <subfield code="b">MEVIECAR</subfield>
    <subfield code="d">2018-03-15</subfield>
    <subfield code="h">cd 2</subfield>
    <subfield code="l">0</subfield>
    <subfield code="o">781.630986 T12c</subfield>
    <subfield code="p">331295</subfield>
    <subfield code="r">2018-03-15 00:00:00</subfield>
    <subfield code="t">1</subfield>
    <subfield code="w">2018-03-15</subfield>
    <subfield code="y">BK</subfield>
  </datafield>
  <datafield tag="952" ind1=" " ind2=" ">
    <subfield code="0">0</subfield>
    <subfield code="1">0</subfield>
    <subfield code="2">ddc</subfield>
    <subfield code="4">0</subfield>
    <subfield code="7">0</subfield>
    <subfield code="8">GEN</subfield>
    <subfield code="a">MECASARI</subfield>
    <subfield code="b">MECASARI</subfield>
    <subfield code="c">GEN</subfield>
    <subfield code="d">2024-11-10</subfield>
    <subfield code="l">0</subfield>
    <subfield code="o">781.6309861   T12c</subfield>
    <subfield code="p">BM0001611</subfield>
    <subfield code="r">2024-11-10 08:45:02</subfield>
    <subfield code="t">Ej.1</subfield>
    <subfield code="w">2024-11-10</subfield>
    <subfield code="y">BK</subfield>
  </datafield>
  <datafield tag="952" ind1=" " ind2=" ">
    <subfield code="0">0</subfield>
    <subfield code="1">0</subfield>
    <subfield code="2">ddc</subfield>
    <subfield code="4">0</subfield>
    <subfield code="7">0</subfield>
    <subfield code="8">GEN</subfield>
    <subfield code="a">MEMACYARI</subfield>
    <subfield code="b">MEMACYARI</subfield>
    <subfield code="c">GEN</subfield>
    <subfield code="d">2025-06-12</subfield>
    <subfield code="e">ministerio de cultura</subfield>
    <subfield code="f">9789588912561</subfield>
    <subfield code="l">0</subfield>
    <subfield code="o">781.6309861 T12c</subfield>
    <subfield code="p">9789588912561</subfield>
    <subfield code="r">2025-07-16 10:43:07</subfield>
    <subfield code="t">Ej.1</subfield>
    <subfield code="w">2025-07-16</subfield>
    <subfield code="y">BK</subfield>
  </datafield>
  <datafield tag="952" ind1=" " ind2=" ">
    <subfield code="0">0</subfield>
    <subfield code="1">0</subfield>
    <subfield code="2">ddc</subfield>
    <subfield code="4">0</subfield>
    <subfield code="7">0</subfield>
    <subfield code="8">GEN</subfield>
    <subfield code="a">MEPLOPEZ</subfield>
    <subfield code="b">MEPLOPEZ</subfield>
    <subfield code="c">GEN</subfield>
    <subfield code="d">2025-08-21</subfield>
    <subfield code="l">0</subfield>
    <subfield code="o">781.6309861 T12c</subfield>
    <subfield code="p">PLZ02702</subfield>
    <subfield code="r">2025-08-21 20:00:54</subfield>
    <subfield code="t">Ej.1</subfield>
    <subfield code="w">2025-08-21</subfield>
    <subfield code="y">BK</subfield>
  </datafield>
  <datafield tag="952" ind1=" " ind2=" ">
    <subfield code="0">0</subfield>
    <subfield code="1">0</subfield>
    <subfield code="2">ddc</subfield>
    <subfield code="4">0</subfield>
    <subfield code="7">0</subfield>
    <subfield code="8">GEN</subfield>
    <subfield code="a">MEMAPJGA</subfield>
    <subfield code="b">MEMAPJGA</subfield>
    <subfield code="c">GEN</subfield>
    <subfield code="d">2025-11-13</subfield>
    <subfield code="l">0</subfield>
    <subfield code="o">781.6309861 T12c</subfield>
    <subfield code="p">MPJG01068</subfield>
    <subfield code="r">2025-11-13 16:15:44</subfield>
    <subfield code="t">Ej.1</subfield>
    <subfield code="w">2025-11-13</subfield>
    <subfield code="y">BK</subfield>
  </datafield>
</record>
